• 首页
  • 本馆介绍
  • 公告通知
  • 最新文献
  • 馆藏检索
  • 电子资源
  • 读者导购
  • 参考咨询
  • 我的图书馆
  • 登录
  • 详细信息显示
  • 放入我的书架
  • 预约/预借图书
  • 作者相关作品
  • 分类相关作品
  • 丛书相关作品
  • 出版社相关作品

书目信息

  • 表格格式
  • 工作单格式
  • 卡片格式
题名:
我和女儿的钢琴课
    
 
作者: 李冬冬 著
分册:  
出版信息: 沈阳   春风文艺出版社  2017.01
页数: 285页
开本: 23cm
丛书名:
单 册:
中图分类: J624.16
科图分类:
主题词: 钢琴课教学--gang qin ke jiao xue--儿童教育--家庭教育
电子资源:
ISBN: 978-7-5313-5138-2
000 01251nam0 2200265 450
001 CAL 008342681
005 20171211152104.78
010    @a978-7-5313-5138-2@b@dCNY36.00
100    @a20170314d2017 em y0chiy50 ea
101 0  @achi
102    @aCN@b210000
105    @aa z 000yy
106    @ar
200 1  @a我和女儿的钢琴课@Awo he nv er de gang qin ke@e钢琴妈妈十年教子手记@f李冬冬著@g
210    @a沈阳@c春风文艺出版社@d2017.01
215    @a285页@c图@d23cm
314    @a李冬冬, 1987年毕业于沈阳音乐学院音乐教育系钢琴, 留校任音乐教育系钢琴教师, 1998年辞职去珠海创办曼陀铃钢琴专修学校, 任教学总监, 2008年移民澳大利亚继续从事钢琴教学工作。
330    @a本书的内容是作者女儿学习钢琴考过十级所使用的技术训练教材的大致顺序, 也是孩子业余时间学习钢琴从起步到完成十级、从弹奏动作到使用教材范围比较高规格的古典钢琴训练过程。书中除了技术训练教材, 还介绍了与练习曲相对应的其他训练教材, 也简单介绍了钢琴发展历程和著名的钢琴家、部分古典钢琴作品。
517 1  @a钢琴妈妈十年教子手记@Agang qin ma ma shi nian jiao zi shou ji
606 0  @a钢琴课教学@Agang qin ke jiao xue@x儿童教育@x家庭教育
690    @aJ624.16@v5
701  0 @a李冬冬@Ali dong dong@4著
801  0 @aCN@b人天书店@c20170314@g
905    @aBZT@dJ624.16@e10
906    @dCNY36.00@n3@r1
    
    我和女儿的钢琴课:钢琴妈妈十年教子手记/李冬冬著.-沈阳:春风文艺出版社,2017.01
    285页:图;23cm
    
    
    ISBN 978-7-5313-5138-2:CNY36.00
    本书的内容是作者女儿学习钢琴考过十级所使用的技术训练教材的大致顺序, 也是孩子业余时间学习钢琴从起步到完成十级、从弹奏动作到使用教材范围比较高规格的古典钢琴训练过程。书中除了技术训练教材, 还介绍了与练习曲相对应的其他训练教材, 也简单介绍了钢琴发展历程和著名的钢琴家、部分古典钢琴作品。
●
相关链接 在五车中查询图书 在当当中查询图书 在豆瓣中查询图书


正题名:我和女儿的钢琴课     索取号:J624.16/10         预约/预借

序号 登录号 条形码 馆藏地/架位号 状态 备注
1 835597   2000835597   第二书库/ [索取号:J624.16/10] 在馆    
2 835598   2000835598   第二书库/ [索取号:J624.16/10] 在馆    
3 835599   2000835599   第二书库/ [索取号:J624.16/10] 在馆    
山东省滨州职业学院图书馆 欢迎您!
大连网信软件有限公司© 版权所有